00847nam a22001937a 4500003000900000008004100009040007100050082002600121100002900147245003600176260005900212300004900271440004100320505020900361650002000570650001900590650001800609700002600627AR-CdUCM190308b ||||| |||| 00| 0 spa d aMUNICIPALIDAD PROVINCIAL DEL CUSCOcBIBLIOTECA MUNICIPAL DEL CUSCO 22ed.a791.4301 /bC33 aCastello, Giulio Cesare  aEl Cine Neorrealista Italiano / aBuenos Aires :bUniversitaria de Buenos Aires ;c1965. a59 páginas ;bFotografías, tablas c25cm aColección Cuadernos de Eudeba n69 aContenido: Definición y orígenes del Neorrealismo -- Rossellini y los Films sobre la Guerra y la Resistencia -- Los Films sobre la Posguerra -- Visconti y De Sica -- Expansión del Neorrealismo...  aArtes visuales  aCine italiano  aNeorrealismo  aBosetti, Juan Carlos